[Event "BCF-chT3 1415 (4NCL)"]
[Site "England"]
[Date "2015.05.03"]
[Round "10.197"]
[White "Woodhouse, Monty"]
[Black "Peck, Stephen"]
[Result "1-0"]
[WhiteElo "1232"]
[BlackElo "1337"]
[PlyCount "65"]
[EventDate "2015.03.21"]
[EventType "team-swiss"]
[EventRounds "11"]
[EventCountry "ENG"]
[SourceTitle "EXT 2016"]
[Source "ChessBase"]
[SourceDate "2015.10.08"]
[SourceVersion "1"]
[SourceVersionDate "2015.10.08"]
[SourceQuality "1"]
[WhiteTeam "Midland Monarchs II"]
[BlackTeam "Anglian Avengers III"]
[WhiteTeamCountry "ENG"]
[BlackTeamCountry "ENG"]

1. e4 e6 2. d4 d5 3. Nc3 c5 4. Nf3 Nf6 5. Bg5 Be7 6. Bxf6 Bxf6 7. e5 Be7 8. Bd3 Nc6 9. Ne2 cxd4 10. Nexd4 Qc7 11. Qe2 Qb6 12. Nb3 Bd7 13. a3 Na5 14. Nxa5 Qxa5+ 15. c3 Rc8 16. 0-0 Qb6 17. Rac1 Bc5 18. b4 Be7 19. Rfd1 a6 20. c4 a5 21. c5 Qa7 22. Bb5 Bc6 23. Nd4 axb4 24. axb4 0-0 25. Bxc6 bxc6 26. Ra1 Qb8 27. Qa6 Qc7 28. Rdc1 f6 29. b5 cxb5 30. Nxe6 Qxe5 31. Nxf8 Rxf8 32. Qxb5 Re8 33. Qxe8+ 1-0

[Event "BCF-chT3 1415 (4NCL)"]
[Site "England"]
[Date "2015.05.02"]
[Round "9.24"]
[White "Peck, Stephen"]
[Black "Bentham, Sam"]
[Result "0-1"]
[WhiteElo "1337"]
[BlackElo "1450"]
[PlyCount "44"]
[EventDate "2015.03.21"]
[EventType "team-swiss"]
[EventRounds "11"]
[EventCountry "ENG"]
[SourceTitle "EXT 2016"]
[Source "ChessBase"]
[SourceDate "2015.10.08"]
[SourceVersion "1"]
[SourceVersionDate "2015.10.08"]
[SourceQuality "1"]
[WhiteTeam "Anglian Avengers III"]
[BlackTeam "Oxford III"]
[WhiteTeamCountry "ENG"]
[BlackTeamCountry "ENG"]

1. e4 c5 2. Nf3 g6 3. c3 d5 4. exd5 Qxd5 5. b3 Bg4 6. Be2 Nf6 7. h3 Bf5 8. c4 Qd6 9. Nc3 Bg7 10. Ba3 Nc6 11. Nb5 Qd7 12. Bxc5 Ne4 13. Rc1 Nxc5 14. d4 Ne4 15. d5 Ne5 16. g4 a6 17. Nbd4 Bxg4 18. hxg4 Nxg4 19. Rf1 Qd6 20. Nd2 Nexf2 21. Ne4 Nxe4 22. Bxg4 Qg3+ 0-1